Návrh zlepšenia času výrobného procesu vstrekovania plastu

Uložené v:
Podrobná bibliografia
Hlavný autor: Slávik, Samuel (Autor)
Ďalší autori: Bílik, Jozef (Vedúci práce)
Médium: Rukopis Kniha
Jazyk:Slovak
Vydavateľské údaje: 2021
Predmet:
On-line prístup:http://is.stuba.sk/zp/portal_zp.pl?podrobnosti=148252
Tagy: Pridať tag
Žiadne tagy, Buďte prvý, kto otaguje tento záznam!

MARC

LEADER 00000ntm a22000003a 4500
001 stuzp83453
003 SK-STU
005 20210703211949.6
007 ta
008 150427s2015----xo-----f-mn---000-0-slo-d
040 |a STU  |b slo 
041 0 |a slo 
100 1 |a Slávik, Samuel  |u 063000  |4 aut  |U MTF Materiálovotechnologická fakulta  |T MTF Ústav výrobných technológií  |X 96762  |U M3000  |Y 83  |7 96762 
242 0 1 |a Proposal for improving the time of the production process of plastic injection  |y eng 
245 1 0 |a Návrh zlepšenia času výrobného procesu vstrekovania plastu 
260 |c 2021 
650 4 |a parametre vstrekovania  |2 slo 
650 4 |a vstrekolis  |2 slo 
650 4 |a technológia vstrekovania  |2 slo 
650 4 |a výrobný proces  |2 slo 
650 4 |a vstrekovanie plastov  |2 slo 
650 4 |a production process  |2 eng 
650 4 |a plastic injection  |2 eng 
650 4 |a injection parameters  |2 eng 
650 4 |a injection molding machine  |2 eng 
650 4 |a injection technology  |2 eng 
700 1 |a Bílik, Jozef  |u 063400  |k Z1  |4 ths  |U MTF Ústav výrobných technológií  |T MTF Katedra tvárnenia kovov a plastov  |X 1547  |U M3400  |Y 163  |7 A000001547 
856 4 |u http://is.stuba.sk/zp/portal_zp.pl?podrobnosti=148252 
996 |c M* BP-9204  |l MMSKP  |s P  |a 0  |w stuzp83453_0001